| 000 | 00561nam a2200181Ia 4500 | ||
|---|---|---|---|
| 008 | 090201s9999 xx 000 0 und d | ||
| 010 | _aKPL-57973 | ||
| 040 | _bमराठी | ||
| 041 | _aमराठी | ||
| 082 |
_a7453 _b57973 |
||
| 100 | _aपोपटराव भसे | ||
| 245 |
_aझाशीची रणचंडी _cपोपटराव भसे |
||
| 260 |
_c2004 _bशांती पब्लिकेशन्स |
||
| 300 | _a512 | ||
| 300 | _bमोठा | ||
| 600 | _aझाशीची रणचंडी | ||
| 942 | _cBOOK | ||
| 999 |
_c208181 _d208181 |
||